Giáo trình lý luận dạy học địa lý
v.v....
Đã lưu trong:
| Tác giả chính: | |
|---|---|
| Định dạng: | Sách |
| Năm xuất bản: |
Huế.
Đại học Huế
1996
|
| Chủ đề: | |
| Tags: |
Thêm thẻ
Không có thẻ, Hãy là người đầu tiên gắn thẻ bản ghi này!
|
| LEADER | 02823nam a2200289 4500 | ||
|---|---|---|---|
| 082 | |a 910.71 |b NG 527 D | ||
| 100 | |a Nguyễn Dược | ||
| 245 | |a Giáo trình lý luận dạy học địa lý |c Nguyễn Dược, Nguyễn Đức Vũ | ||
| 260 | |a Huế. |b Đại học Huế |c 1996 | ||
| 300 | |a 105tr. |c 24cm | ||
| 500 | |a Đầu tên trang sách ghi: Bộ GD&ĐT, Lý luận dạy học, Trung tâm đào tào tạo từ xa. | ||
| 520 | |a v.v.... | ||
| 653 | |a Địa lý | ||
| 653 | |a Lý luận dạy học | ||
| 653 | |a Giáo trình | ||
| 942 | |2 ddc |c STK0 | ||
| 999 | |c 3439 |d 3439 | ||
| 952 | |0 0 |1 0 |2 ddc |4 0 |6 910_710000000000000_NG_527_D |7 1 |8 900 |9 36586 |a qbu |b qbu |c D5 |d 2014-12-16 |g 20000 |o 910.71 NG 527 D |p 4475.C1 |r 0000-00-00 |w 2014-12-16 |y STK0 |0 0 |6 910_710000000000000_NG_527_D | ||
| 952 | |0 0 |1 0 |2 ddc |4 0 |6 910_710000000000000_NG_527_D |7 0 |8 900 |9 36587 |a qbu |b qbu |c D5 |d 2014-12-16 |g 20000 |o 910.71 NG 527 D |p 4475.C2 |r 0000-00-00 |w 2014-12-16 |y STK0 |0 0 |6 910_710000000000000_NG_527_D |0 0 |6 910_710000000000000_NG_527_D | ||
| 952 | |0 0 |1 0 |2 ddc |4 0 |6 910_710000000000000_NG_527_D |7 0 |8 900 |9 36588 |a qbu |b qbu |c D5 |d 2014-12-16 |g 20000 |o 910.71 NG 527 D |p 4475.C3 |r 0000-00-00 |w 2014-12-16 |y STK0 |0 0 |6 910_710000000000000_NG_527_D |0 0 |6 910_710000000000000_NG_527_D | ||
| 952 | |0 0 |1 0 |2 ddc |4 0 |6 910_710000000000000_NG_527_D |7 0 |8 900 |9 36589 |a qbu |b qbu |c D5 |d 2014-12-16 |g 20000 |o 910.71 NG 527 D |p 4475.C4 |r 0000-00-00 |w 2014-12-16 |y STK0 |0 0 |6 910_710000000000000_NG_527_D |0 0 |6 910_710000000000000_NG_527_D | ||
| 952 | |0 0 |1 0 |2 ddc |4 0 |6 910_710000000000000_NG_527_D |7 0 |8 900 |9 36590 |a qbu |b qbu |c D5 |d 2014-12-16 |g 20000 |o 910.71 NG 527 D |p 4475.C5 |r 0000-00-00 |w 2014-12-16 |y STK0 |0 0 |6 910_710000000000000_NG_527_D |0 0 |6 910_710000000000000_NG_527_D | ||
| 952 | |0 0 |1 0 |2 ddc |4 0 |6 910_710000000000000_NG_527_D |7 0 |8 900 |9 36591 |a qbu |b qbu |c D5 |d 2014-12-16 |g 20000 |o 910.71 NG 527 D |p 4475.C6 |r 0000-00-00 |w 2014-12-16 |y STK0 |0 0 |6 910_710000000000000_NG_527_D |0 0 |6 910_710000000000000_NG_527_D | ||
| 952 | |0 0 |1 0 |2 ddc |4 0 |6 910_710000000000000_NG_527_D |7 0 |8 900 |9 36592 |a qbu |b qbu |c D5 |d 2014-12-16 |g 20000 |o 910.71 NG 527 D |p 4475.C7 |r 0000-00-00 |w 2014-12-16 |y STK0 |0 0 |6 910_710000000000000_NG_527_D |0 0 |6 910_710000000000000_NG_527_D | ||
| 952 | |0 0 |1 0 |2 ddc |4 0 |6 910_710000000000000_NG_527_D |7 0 |8 900 |9 36593 |a qbu |b qbu |c D5 |d 2014-12-16 |g 20000 |o 910.71 NG 527 D |p 4475.C8 |r 0000-00-00 |w 2014-12-16 |y STK0 |0 0 |6 910_710000000000000_NG_527_D |0 0 |6 910_710000000000000_NG_527_D | ||
| 952 | |0 0 |1 0 |2 ddc |4 0 |6 910_710000000000000_NG_527_D |7 0 |8 900 |9 36594 |a qbu |b qbu |c D5 |d 2014-12-16 |g 20000 |o 910.71 NG 527 D |p 4475.C9 |r 0000-00-00 |w 2014-12-16 |y STK0 |0 0 |6 910_710000000000000_NG_527_D |0 0 |6 910_710000000000000_NG_527_D | ||
| 952 | |0 0 |1 0 |2 ddc |4 0 |6 910_710000000000000_NG_527_D |7 0 |8 900 |9 36595 |a qbu |b qbu |c D5 |d 2014-12-16 |g 20000 |o 910.71 NG 527 D |p 4475.C10 |r 0000-00-00 |w 2014-12-16 |y STK0 |0 0 |6 910_710000000000000_NG_527_D |0 0 |6 910_710000000000000_NG_527_D | ||